Places Mentioned in Hamilton - Statistics

General Stats
  • This quiz has been taken 297 times
  • The average score is 66 of 110
Answer Stats
Song Place % Correct
Alexander Hamilton | Cabinet Battle #1 | Helpless | +7 others New York
95%
Aaron Burr, Sir | Cabinet Battle #1 | My Shot | +3 others New York City
95%
Cabinet Battle #2 | My Shot | One Last Time | +5 others France
83%
Alexander Hamilton The Caribbean
78%
Right Hand Man Caribbean
75%
Cabinet Battle #1 | What'd I Miss Virginia
73%
Guns and Ships | Yorktown (The World Turned Upside Down) Yorktown
64%
Cabinet Battle #2 England
55%
Non-Stop United States
53%
Alexander Hamilton | Guns and Ships | Right Hand Man | +3 others America
49%
Farmer Refuted Jersey
49%
Right Hand Man | The Schuyler Sisters Manhattan
49%
Cabinet Battle #1 | My Shot | One Last Time Britain
48%
Aaron Burr, Sir Princeton
48%
Blow Us All Away | My Shot King's College
46%
Non-Stop | The Reynolds Pamphlet London
43%
What'd I Miss Paris
41%
Cabinet Battle #1 | What'd I Miss Monticello
40%
Wait for It Georgia
37%
Farmer Refuted Boston
35%
What Comes Next? Spain
35%
Right Hand Man | Stay Alive Mount Vernon
31%
Yorktown (The World Turned Upside Down) South Carolina
31%
Non-Stop Albany
29%
Helpless | Right Hand Man Harlem
28%
Non-Stop | The Room Where It Happens U.S.
27%
The World Was Wide Enough The Hudson
25%
Who Lives, Who Dies, Who Tells Your Story D.C.
23%
Your Obedient Servant Weehawken
23%
Right Hand Man Brooklyn
21%
Yorktown (The World Turned Upside Down) Chesapeake Bay
21%
Right Hand Man Quebec
20%
What'd I Miss N.Y.C.
17%
Right Hand Man Kips Bay
16%
Stay Alive Monmouth
14%
Blow Us All Away Broadway
13%
Aaron Burr, Sir Princeton College
12%
Alexander Hamilton Providence
12%
Washington On Your Side Wall Street
9%
Who Lives, Who Dies, Who Tells Your Story Washington Monument
7%
The Room Where It Happens Clermont Street
6%
Take a Break Dunsinane
5%
The Adam's Administration New York (Post)
2%
No matching quizzes found
Score Distribution
Percent of People with Each Score
Percentile by Number Answered
Your Score History
You have not taken this quiz